Estadísticas para Prueba de Filipinas

Haz click aquí para tomar la prueba!

Estadísticas generales

  • Esta prueba ha sido tomada 210 veces
  • La puntuación promedio es 10 de 19

Estadísticas de respuestas

PistaRespuesta% Correcto
CapitalManila
97%
Países que ocuparon FilipinasEspaña
93%
Países que ocuparon FilipinasEstados Unidos
84%
Países que ocuparon FilipinasJapón
82%
Explorador que murió en Filipinas en 1521Fernando de Magallanes
60%
El idioma más hablando{Tagalo} Filipino
57%
Las islas más grandesLuzón
55%
Tipo de desastre natural que ocurrió en 2013Tifón
55%
Ex primera dama y coleccionista de zapatosImelda Marcos
48%
El boxeador que fue campeón del mundo en ocho divisionesManny Pacquiao
48%
La ciudad más poblada (una parte del área metropolitana de la capital)Ciudad {Quezón}
43%
Las islas más grandesMindanao
43%
El presidente actualRodrigo Duterte
43%
Un general estadounidense que también fue mariscal de campo del ejército filipinoDouglas MacArthur
38%
La segunda área metropolitana más grandeCebú
36%
El volcán que entró en erupción en 1991, la mayor erupción en 108 añosPinatubo
33%
Las islas más grandesNegros
27%
Las colinas que se vuelven marrones en la estación secaColinas de {Chocolate}
27%
Las islas más grandesSamar
23%

Distribución de puntuación

Porcentaje por número respondido

Porcentaje de gente con cada puntuación

Historial de tus puntuaciones

No has tomado esta prueba